| 000 | 00639nam a2200181 i 4500 | ||
|---|---|---|---|
| 001 | 102033 | ||
| 003 | ES-MaACL | ||
| 005 | 20250826083216.0 | ||
| 007 | t| | ||
| 008 | 051102s1920 sp ||||1| spa d | ||
| 110 | 2 |
_aFomento del Trabajo Nacional (Cataluña) _94136 |
|
| 245 | 1 | 0 | _aMemoria de la Junta Directiva del Fomento del Trabajo Nacional correspondiente al ejercício próximo pagado de 1910-1920. |
| 260 |
_aBarcelona : _bHijos de Domingo Casanovas, _c1920. |
||
| 300 |
_a127 p. ; _c26 cm. |
||
| 610 | 2 | 4 |
_aFomento del Trabajo Nacional (Cataluña)- _vMemorias. _9158382 |
| 852 |
_aES-MaACL _jG-13998 |
||
| 999 |
_c102033 _d102033 |
||